One Type of Vowel Girls Names 2010 Quiz Stats

 Plays Quiz not verified by Sporcle

Score 0/72 Timer 15:00
0 Plays Today
Vowel Name % Correct
AAnna
90.8%
EElle
88.5%
AAva
87.8%
AAnn
84.6%
EEve
84.3%
ASara
80.6%
ACara
80.3%
AKara
78.7%
AHannah
76.7%
ASarah
76.6%
AHanna
76.6%
AAna
76.4%
AMara
75.4%
ADana
72%
ALara
71.8%
ATara
71%
EEllen
70.4%
AAlana
67.7%
ALana
67.7%
AAda
67.5%
IIris
65.7%
AAmanda
62.6%
ACarla
58.2%
EHelen
58.2%
ASamantha
56.2%
AJada
54%
AClara
53.7%
AAlanna
53.2%
O, U, and YRuth
51.7%
ASavannah
51.6%
ASavanna
51.4%
EEden
46%
AKarla
44.3%
AHana
41.2%
AZara
40.5%
AAlma
39.5%
Vowel Name % Correct
O, U, and YBrynn
38.9%
ASandra
37.6%
EEsther
37.5%
ETess
35.9%
EReese
34.6%
IIsis
32.2%
ERenee
32%
ACassandra
31.2%
ADanna
30.5%
ABarbara
30.5%
AMartha
30%
AAlannah
29.7%
AAmara
28.6%
AFarrah
28.4%
ASasha
28.2%
ANatasha
28%
EEsme
27.7%
EBree
25.9%
O, U, and YLondon
20.8%
AKassandra
19.3%
ASavanah
18.4%
ASamara
18.1%
EJewel
15.7%
ECeleste
14.9%
O, U, and YLuz
13.2%
EEmber
11.9%
IIngrid
11.8%
AAvah
9.6%
ILilith
9.1%
AHadassah
7.8%
ASalma
6.8%
AKarma
6.2%
AChana
6%
EMercedes
5.9%
EBelen
5.5%
ASanaa
5.2%

You're not logged in!

Compare scores with friends on all Sporcle quizzes.
OR
Log In

Show Comments

Extras

Top Quizzes Today


Score Distribution

Your Account Isn't Verified!

In order to create a playlist on Sporcle, you need to verify the email address you used during registration. Go to your Sporcle Settings to finish the process.

Report this User

Report this user for behavior that violates our Community Guidelines.

Details: